000 00640nam a2200265Ia 4500
005 20260121161443.0
008 008 260114s9999 xx 000 0 eng d
020 _a9780203748848
037 _aEBOOK
040 _aCRL
040 _beng
040 _cCRL
041 _2eng
041 _aeng
084 _qCRL
100 _aLipid Technologies and Applications
_91045046
245 0 _aFredB. Padley
260 _bTaylor and Francis
260 _c1997
650 _aFood Chemistry
_91045047
856 _uhttp://www.taylorfrancis.com/books/9780203748848
942 _cEBOOK
999 _c1610931
_d1610931